Papers (Record no. 575490)

MARC details
000 -LEADER
fixed length control field 00849nam a2200265Ia 4500
003 - CONTROL NUMBER IDENTIFIER
control field OSt
005 - DATE AND TIME OF LATEST TRANSACTION
control field 20220925221842.0
008 - FIXED-LENGTH DATA ELEMENTS--GENERAL INFORMATION
fixed length control field 220923b |||||||| |||| 00| 0 eng d
037 ## - SOURCE OF ACQUISITION
Terms of availability General Book
040 ## - CATALOGING SOURCE
Original cataloging agency RTL
Transcribing agency RTL
Language of cataloging eng
041 ## - LANGUAGE CODE
Source of code eng
Language code of text/sound track or separate title eng
110 ## - MAIN ENTRY--CORPORATE NAME
Corporate name or jurisdiction name as entry element Symposium on Race and Race Relations 1959 (London)
9 (RLIN) 287172
245 #0 - TITLE STATEMENT
Title Papers
Remainder of title Man, race and Darwin
260 ## - PUBLICATION, DISTRIBUTION, ETC.
Place of publication, distribution, etc. London
Name of publisher, distributor, etc. OUP
Date of publication, distribution, etc. 1960
300 ## - PHYSICAL DESCRIPTION
Extent vi, 151p
Dimensions cm.
490 ## - SERIES STATEMENT
Series statement Institute of Race Relations Publication. Royal Anthropological Institute of Great Britain and Ireland, Publication
500 ## - GENERAL NOTE
General note Bibliography: P 143-49
650 ## - SUBJECT ADDED ENTRY--TOPICAL TERM
Topical term or geographic name entry element Race
700 ## - ADDED ENTRY--PERSONAL NAME
Personal name Symposium on Race and Race Relations 1959 (London)
9 (RLIN) 287173
942 ## - ADDED ENTRY ELEMENTS (KOHA)
Classification part Y7, K8
Koha item type General Books
Source of classification or shelving scheme Colon Classification (CC)

No items available.

Copyright @ Delhi University Library System